01014nam a2200265Ia 4500001001200000003000800012006001900020007001500039008004100054020001500095040002100110035002100131050002200152100001800174245008600192260007100278300001100349500002000360533015200380630002100532650002300553655002900576710001700605856012600622ebr10053199CaPaEBRm u cr cn|||||||||991005s2004 mau s 001 0 eng d z1592005128 aCaPaEBRcCaPaEBR a(OCoLC)55938481614aT385b.B87 2004eb1 aBusch, David.10aAdobe Photoshop CSh[electronic resource] :bphotographers' guide /cDavid Busch. aBoston :bMuska & Lipman, a division of Course Technology,cc2004. a320 p. aIncludes index. aElectronic reproduction.bPalo Alto, Calif. :cebrary,d2009.nAvailable via World Wide Web.nAccess may be limited to ebrary affiliated libraries.00aAdobe Photoshop. 0aComputer graphics. 7aElectronic books.2local2 aebrary, Inc.40uhttp://site.ebrary.com/lib/rucke/Doc?id=10053199zAn electronic book accessible through the World Wide Web; click to view